000 00457nam a2200169Ia 4500
003 GCL
008 140319s9999 xx 000 0 eng d
040 _aGCL /
_cGCL
082 0 4 _a327.112
_bS B
100 1 _aSHEEHAN, MICHAEL
245 1 0 _aTHE BALANCE OF POWER: HISTORY AND THEORY /
_cSHEEHAN, MICHAEL
260 _a[S.N] :
_bROUTLEDGE ،
_c1996
300 _a226 P
650 0 4 _aBALANCE OF POWER
650 0 4 _aINTERNATIONAL RELATIONS
942 _2ddc
_cBK
999 _c14111
_d14111